|
|
|
|
| LEADER |
01401nam a2200289 a 4500 |
| 001 |
14981201 |
| 003 |
BD-DhAAL |
| 008 |
090722s2007 bg a b i000 0 eng d |
| 010 |
|
|
|a 2007340087
|
| 040 |
|
|
|a DLC
|c DLC
|d BD-DhAAL
|
| 082 |
0 |
0 |
|a 362.10952
|2 22
|
| 245 |
0 |
0 |
|a Strengthening management and governance in the health, nutrition, and population sector of Bangladesh.
|
| 260 |
|
|
|a Dhaka :
|b World Bank Office ;
|a Washington DC :
|b World Bank,
|c 2007.
|
| 300 |
|
|
|a xv, 60 pages :
|b col. illustrations ;
|c 29 cm.
|
| 490 |
0 |
|
|a Bangladesh development series ;
|v paper no. 15
|
| 504 |
|
|
|a Includes bibliographical references (p. 57-59).
|
| 526 |
|
|
|x Salim khan
Sr. program Associate
James P. Grant School.
Course name and no. N/A
|
| 541 |
1 |
|
|a A H Development publishing house
|e 00018478
|
| 650 |
|
0 |
|a Health services administration
|z Bangladesh.
|
| 650 |
|
0 |
|a Nutrition policy
|z Bangladesh.
|9 57959
|
| 650 |
|
0 |
|a Human services
|z Bangladesh
|x Management.
|9 57967
|
| 710 |
2 |
|
|a World Bank.
|b Bangladesh Dhaka Office.
|
| 710 |
2 |
|
|a World Bank.
|
| 852 |
4 |
|
|a SPH
|j General Shelf.
|
| 942 |
|
|
|2 ddc
|c BK
|
| 999 |
|
|
|c 2698
|d 2698
|
| 952 |
|
|
|0 0
|1 0
|2 ddc
|4 0
|6 362_109520000000000_STR
|7 0
|9 2479
|a JPGSPH
|b JPGSPH
|d 2009-04-29
|e A H Development Publishing House.
|g 7800.00
|l 0
|o 362.10952 STR
|p 3060018478
|r 2009-07-22
|t 1
|w 2009-07-22
|y BK
|x Requisitioned by Salim khan, Sr. program Associate, James P. Grant School. Course name and no. N/A
|